Normal view
MARC view
- Gelbart, Marsh
Entry Personal Name
001 - CONTROL NUMBER
- control field: 74343
003 - CONTROL NUMBER IDENTIFIER
- control field: NUST
005 - DATE AND TIME OF LATEST TRANSACTION
- control field: 20210628205205.0
008 - FIXED-LENGTH DATA ELEMENTS
- fixed length control field: 210628|| aca||aabn | a|a d
040 ## - CATALOGING SOURCE
- Original cataloging agency: NUST
- Transcribing agency: NUST
100 ## - HEADING--PERSONAL NAME
- Personal name: Gelbart, Marsh
670 ## - SOURCE DATA FOUND
- Source citation: Work cat.: (NUST): Gelbart, Marsh, Tanks:main battle and light tanks brassey's modern military equipment, 1996
